Planning theory (Record no. 86978)

MARC details
000 -LEADER
fixed length control field 00486cam a2200193 4500
008 - FIXED-LENGTH DATA ELEMENTS--GENERAL INFORMATION
fixed length control field 090401t1973 xxu||||| |||| 00| 0 eng d
020 ## - INTERNATIONAL STANDARD BOOK NUMBER
International Standard Book Number 0080177417
035 ## - SYSTEM CONTROL NUMBER
System control number (Sirsi) u12329
041 ## - LANGUAGE CODE
Language code of text/sound track or separate title eng
050 ## - LIBRARY OF CONGRESS CALL NUMBER
Classification number 711.01
100 ## - MAIN ENTRY--PERSONAL NAME
Personal name Faludi, Andreas
245 ## - TITLE STATEMENT
Title Planning theory
260 ## - PUBLICATION, DISTRIBUTION, ETC.
Place of publication, distribution, etc. Oxford
Name of publisher, distributor, etc. Pergamon
Date of publication, distribution, etc. 1973
300 ## - PHYSICAL DESCRIPTION
Extent xii. 306p. ill. 22cm. Bibl. Index
350 ## - PRICE (NR) (BK AM CF MU VM SE) [OBSOLETE]
Price 4.75
490 ## - SERIES STATEMENT
Series statement Urban and Regional Planning Series
Volume/sequential designation vol 7
942 ## - ADDED ENTRY ELEMENTS (KOHA)
Suppress in OPAC 0
948 ## - LOCAL PROCESSING INFORMATION (OCLC); SERIES PART DESIGNATOR (RLIN)
c (OCLC) 04/03/1997
Holdings
Withdrawn status Lost status Source of classification or shelving scheme Damaged status Not for loan Home library Current library Shelving location Date acquired Cost, normal purchase price Total Checkouts Full call number Barcode Date last seen Date last checked out Copy number Cost, replacement price Price effective from Koha item type
    Dewey Decimal Classification     London London Books 14/09/1999 4.75 2 711.01 30023528 06/08/2019 30/08/2001 1 4.75 06/08/2019 Book